00394 a2200133 4500003000500000005001700005040000900022082001100031245003700042440003700079538002100116999001900137952010400156Nust20170207154233.0 cNust a371.33 aBrig Sultan Comdt Mcs (VHS-297) aBrig Sultan Comdt Mcs (VHS-297) aDuration Mins 98 c196016d196016 00102ddc40708NFICaMCSbMCSd2016-12-12l0o371.33 BRIpMCSVHS-297r2016-12-08w2016-12-12yBK